000 00254nam a2200097Ia 4500
001 1181987
005 20250827020826.0
008 250824s9999 xx 000 0 und d
245 0 _aTAHTSIZ SULTAN KAŞGARLI MAHMUT
_cALİ SAÇIKARA
260 _bATLI KARINCA
999 _c1181987
_d1181987